10 most common last names in Norway - Statistics

General Stats
  • This quiz has been taken 73 times
  • The average score is 4 of 10
Answer Stats
Hint Number Answer % Correct
1 51 123 Hansen
75%
2 48 541 Johansen
62%
3 47 499 Olsen
55%
5 36 130 Andersen
51%
9 22 339 Jensen
51%
4 36 771 Larsen
40%
7 33 595 Nilsen
34%
10 22 551 Karlsen
29%
6 36 190 Pedersen
29%
8 22 751 Kristiansen
17%
No matching quizzes found
Score Distribution
Percent of People with Each Score
Percentile by Number Answered
Your Score History
You have not taken this quiz